15 principales países con muertes de Covid-19 - 27 de junio - Estadísticas

Estadísticas generales
  • Esta prueba ha sido intentada 5 veces
  • La puntuación promedio es 14 de 20
Estadísticas de respuestas
país % Correcto
Brasil
100%
Canadá
100%
España
100%
Estados Unidos
100%
Francia
100%
México
100%
Rusia
100%
Alemania
80%
Italia
80%
Bélgica
60%
Chile
60%
Ecuador
60%
India
60%
Irán
60%
Países Bajos
60%
Perú
60%
Reino Unido
60%
Suecia
40%
Suiza
40%
Irlanda
20%
No se encontraron pruebas coincidentes
Distribución de puntuación
Porcentaje de gente con cada puntuación
Porcentaje por número respondido
Historial de tus puntuaciones
No has intentado esta prueba.